Culture, stratification and development (Record no. 146932)

MARC details
000 -LEADER
fixed length control field 00507nam a2200205Ia 4500
008 - FIXED-LENGTH DATA ELEMENTS--GENERAL INFORMATION
fixed length control field 210210b2011 xxu||||| |||| 00| 0 eng d
020 ## - INTERNATIONAL STANDARD BOOK NUMBER
International Standard Book Number 9788131604007
041 ## - LANGUAGE CODE
Language code of text/sound track or separate title eng
082 ## - DEWEY DECIMAL CLASSIFICATION NUMBER
Classification number 306 SHAC
100 ## - MAIN ENTRY--PERSONAL NAME
Personal name SHARMA (K L)
245 ## - TITLE STATEMENT
Title Culture, stratification and development
260 ## - PUBLICATION, DISTRIBUTION, ETC.
Place of publication, distribution, etc. Jaipur
Name of publisher, distributor, etc. Rawat Publications
Date of publication, distribution, etc. 2011
300 ## - PHYSICAL DESCRIPTION
Extent xxi,270
650 ## - SUBJECT ADDED ENTRY--TOPICAL TERM
Topical term or geographic name entry element stratification
650 ## - SUBJECT ADDED ENTRY--TOPICAL TERM
Topical term or geographic name entry element development
650 ## - SUBJECT ADDED ENTRY--TOPICAL TERM
Topical term or geographic name entry element Culture,
650 ## - SUBJECT ADDED ENTRY--TOPICAL TERM
Topical term or geographic name entry element and
690 ## - LOCAL SUBJECT ADDED ENTRY--TOPICAL TERM (OCLC, RLIN)
Topical term or geographic name as entry element Social Stratification
906 ## - LOCAL DATA ELEMENT F, LDF (RLIN)
a 066084
Holdings
Withdrawn status Lost status Damaged status Not for loan Collection code Home library Current library Shelving location Date acquired Source of acquisition Cost, normal purchase price Total Checkouts Full call number Barcode Date last seen Price effective from Koha item type
          St Aloysius Library St Aloysius Library   02/17/2021 Intact Bookhouse Pvt Ltd 695.00   306 SHAC 066084 02/17/2021 02/17/2021 Book